000
00288nam a2200121Ia 4500
008
190216s9999||||xx |||||||||||||| ||und||
100
_a
Kumaranasan N
245
0
_a
Randu Khandakrithika
260
_b
"Devi Book Stall, Kerala"
_c
1985
300
_a
29p
650
_a
Kavithkal
942
_c
BK
999
_c
26212
_d
26212